Reengineering the corporation : (Record no. 344934)
[ view plain ]
| 000 -LEADER | |
|---|---|
| fixed length control field | 01484 a2200205 4500 |
| 020 ## - INTERNATIONAL STANDARD BOOK NUMBER | |
| International Standard Book Number | 0066621127 |
| 020 ## - INTERNATIONAL STANDARD BOOK NUMBER | |
| International Standard Book Number | 9780066621128 |
| 082 04 - DEWEY DECIMAL CLASSIFICATION NUMBER | |
| Classification number | 658.4063 |
| 090 ## - LOCALLY ASSIGNED LC-TYPE CALL NUMBER (OCLC); LOCAL CALL NUMBER (RLIN) | |
| -- | 2437 |
| -- | 2437 |
| 100 1# - MAIN ENTRY--PERSONAL NAME | |
| Personal name | Hammer, Michael. |
| 245 10 - TITLE STATEMENT | |
| Title | Reengineering the corporation : |
| Remainder of title | a manifesto for business revolution / |
| Statement of responsibility, etc. | Michael Hammer. |
| 260 ## - PUBLICATION, DISTRIBUTION, ETC. | |
| Place of publication, distribution, etc. | [S.l.] : |
| Name of publisher, distributor, etc. | HarperBusiness, |
| Date of publication, distribution, etc. | 2001. |
| 300 ## - PHYSICAL DESCRIPTION | |
| Extent | 257 p. ; |
| Dimensions | 21 cm. |
| 500 ## - GENERAL NOTE | |
| General note | Paperback. |
| 520 ## - SUMMARY, ETC. | |
| Summary, etc. | No business concept was more important to America's economic revival in the 1990s than reengineering -- introduced to the world in Michael Hammer and James Champy's Reengineering the Corporation. Already a classic, this international bestseller describes how the radical redesign of a company's processes, organization, and culture can achieve a quantum leap in performance. But if you think that reengineering once was enough, think again. More changes, more challenges are coming in the twenty-first century. Now Hammer and Champy have updated and revised their milestone work for the New Economy they helped to create -- promising to help corporations save hundreds of millions of dollars more, raise their customer satisfaction still higher, and grow ever more nimble in the years to come. |
| 700 1# - ADDED ENTRY--PERSONAL NAME | |
| Personal name | Champy, James. |
| 856 40 - ELECTRONIC LOCATION AND ACCESS | |
| Materials specified | Amazon.com |
| Uniform Resource Identifier | <a href="http://www.amazon.com/exec/obidos/ASIN/0066621127/chopaconline-20">http://www.amazon.com/exec/obidos/ASIN/0066621127/chopaconline-20</a> |
| 856 40 - ELECTRONIC LOCATION AND ACCESS | |
| Materials specified | Amazon customer reviews |
| Uniform Resource Identifier | <a href="http://www.chopac.org/cgi-bin/tools/azrev.pl?q=0066621127">http://www.chopac.org/cgi-bin/tools/azrev.pl?q=0066621127</a> |
| 942 ## - ADDED ENTRY ELEMENTS (KOHA) | |
| Institution code [OBSOLETE] | NBS |
| Koha item type | Book |
| Call number prefix | 658.4063 MIC |
| Withdrawn status | Lost status | Damaged status | Not for loan | Permanent Location | Current Location | Date acquired | Total Checkouts | Full call number | Barcode | Date last seen | Price effective from | Koha item type |
|---|---|---|---|---|---|---|---|---|---|---|---|---|
| Central Library (CL) | Central Library (CL) | 08/28/2013 | 658.4063 MIC | NBS5106 | 08/28/2013 | 08/28/2013 | Book |
